Los jenízaros pisando por el Ateneo : (Record no. 190383)

MARC details
000 -LEADER
campo de control de longitud fija 00654nab a2200169 i 4500
001 - NÚMERO DE CONTROL
campo de control 190383
003 - IDENTIFICADOR DE NÚMERO DE CONTROL
campo de control ES-MaACL
005 - FECHA Y HORA DE LA ÚLTIMA TRANSACCIÓN
campo de control 20250731034213.0
008 - DATOS DE LONGITUD FIJA--INFORMACIÓN GENERAL
campo de control de longitud fija 210120s2012 sp 000 0 spa d
100 1# - ENTRADA PRINCIPAL--NOMBRE DE PERSONA
Nombre de persona Flórez, Rafael,
Fechas asociadas al nombre 1926-2019
9 (RLIN) 51311
245 14 - MENCIÓN DEL TÍTULO
Título Los jenízaros pisando por el Ateneo :
Resto del título los 40 años de secuestro franquista /
Mención de responsabilidad, etc. Rafael Flórez.
610 24 - PUNTO DE ACCESO ADICIONAL DE MATERIA--NOMBRE DE ENTIDAD CORPORATIVA
Nombre de entidad corporativa o nombre de jurisdicción como elemento de entrada Ateneo de Madrid-
Subdivisión de forma Historia-
-- Relatos personales
9 (RLIN) 1926
773 0# - ASIENTO DE ITEM FUENTE
Título Madrid histórico,
Lugar, editor y fecha de publicación Madrid : Madrid Histórico,
Número Internacional Normalizado para Publicaciones Seriadas ISSN 1885-5814,
Parte(s) relacionada(s) N. 41, 2012, p. 60-65
Número bibliográfico anfitrión 178443
Número de ítem anfitrión 185303
Número de control del registro 178443
942 ## - ELEMENTOS DE ENTRADA SECUNDARIOS (KOHA)
Tipo de ítem Koha Artículo de revista
Fuente del sistema de clasificación o colocación Clasificación decimal universal

No items available.